01298nam a2200325 a 4500001001100000003000800011006001900019007001500038008004100053015001500094016001900109020002100128040002100149035002000170050002600190082002200216245010500238260002900343300001500372490005200387504005100439533015200490650006400642655002900706700002700735710001700762830005300779856012500832999001500957ebr5001434CaPaEBRm u cr cn|||||||||990614s1999 enk sb 001 0 eng  aGB99-X36147 a07507080182Uk z0750708018(pbk.) aCaPaEBRcCaPaEBR a(OCoLC)4941505014aLB1564.G7bI47 1999eb04a372.89044094122100aImproving teaching and learning in the humanitiesh[electronic resource] /cedited by Martin Ashley. aLondon :bFalmer,c1999. axi, 234 p.1 aLooking afresh at the primary curriculum series aIncludes bibliographical references and index. aElectronic reproduction.bPalo Alto, Calif. :cebrary,d2013.nAvailable via World Wide Web.nAccess may be limited to ebrary affiliated libraries. 0aHumanitiesxStudy and teaching (Elementary)zGreat Britain. 7aElectronic books.2local1 aAshley, Martin,d1953-2 aebrary, Inc. 0aLooking afresh at the primary curriculum series.40uhttp://site.ebrary.com/lib/rucke/Doc?id=5001434zAn electronic book accessible through the World Wide Web; click to view c1195d1195